Catálogo
 En Linea

Vagabundo del mar : (Registro nro. 37137)

Detalles MARC
000 -CABECERA
campo de control de longitud fija 00533nam a2200181 a 4500
001 - NÚMERO DE CONTROL
campo de control 000037647
005 - FECHA Y HORA DE LA ÚLTIMA TRANSACCIÓN
campo de control 20201002031110.0
008 - DATOS DE LONGITUD FIJA--INFORMACIÓN GENERAL
campo de control de longitud fija 121023s2008 pr 000 0 spa d
020 ## - NÚMERO INTERNACIONAL ESTÁNDAR DEL LIBRO
Número Internacional Estándar del Libro 1934630713
040 ## - FUENTE DE LA CATALOGACIÓN
Centro catalogador/agencia de origen DO-SdBNP
Lengua de catalogación spa
Centro/agencia transcriptor BNPHU
082 ## - NÚMERO DE LA CLASIFICACIÓN DECIMAL DEWEY
Número de clasificación xxx
Número de documento/Ítem N841v
100 1# - ENTRADA PRINCIPAL--NOMBRE DE PERSONA
Nombre de persona Noriega, Carlos
9 (RLIN) 60347
245 10 - MENCIÓN DE TÍTULO
Título Vagabundo del mar :
Resto del título poemario (2000-2007) /
Mención de responsabilidad, etc. Carlos Noriega.
260 ## - PUBLICACIÓN, DISTRIBUCIÓN, ETC.
Lugar de publicación, distribución, etc. San Juan, Puerto Rico :
Nombre del editor, distribuidor, etc. Publicaciones Puertorriqueñas,
Fecha de publicación, distribución, etc. 2008.
300 ## - DESCRIPCIÓN FÍSICA
Extensión 77 p. ;
Dimensiones 21 cm.
490 1# - MENCIÓN DE SERIE
Mención de serie Guajana
830 #0 - PUNTO DE ACCESO ADICIONAL DE SERIE-TÍTULO UNIFORME
Título uniforme Guajana
9 (RLIN) 55960
Existencias
Estado de retiro Estado de pérdida Restricciones de uso No para préstamo Código de colección Localización permanente Ubicación/localización actual Ubicación en estantería Fecha de adquisición Número de inventario Total de préstamos Signatura topográfica completa Código de barras Fecha visto por última vez Precio válido a partir de Tipo de ítem Koha Número de copia
      Excluido de préstamo Monografías: Libros y Folletos General General Depósito 23.10.2012 LF1   xxx N841v 37647-10 25.06.2020 25.06.2020 No se presta  
      Excluido de préstamo Monografías: Libros y Folletos General General Depósito 03.02.2014 LF1   xxx N841v 37647-20 25.06.2020 25.06.2020 No se presta e. 2

Con tecnología Koha